[Event "SUI-ch U14"]
[Site "Kreuzlingen"]
[Date "2016.07.01"]
[Round "3.7"]
[White "Hurlimann, Max"]
[Black "Ramseyer, Nicola"]
[Result "1-0"]
[WhiteElo "1727"]
[BlackElo "1699"]
[PlyCount "66"]
[EventDate "2016.??.??"]

1. e4 c5 2. Nf3 d6 3. Bb5+ Bd7 4. Bxd7+ Nxd7 5. c3 Ngf6 6. Qe2 e6 7. O-O Be7 8.
d4 Qc7 9. Bg5 h6 10. Bh4 g5 11. Bg3 a6 12. a4 Nh5 13. Nfd2 Ng7 14. Nc4 cxd4 15.
cxd4 e5 16. dxe5 Nxe5 17. Ne3 Ne6 18. Rd1 Rc8 19. Nc3 Qc5 20. Rd5 Qc7 21. Rad1
Nf4 22. Bxf4 gxf4 23. Nf5 Rd8 24. Qd2 Nc4 25. Qd4 Rh7 26. b3 Nb6 27. Nxd6+ Kf8
28. Ndb5 Rxd5 29. Nxd5 Qc2 30. Nxe7 axb5 31. Qd8+ Kg7 32. Nf5+ Kg6 33. Rd6+ Kh5
1-0

[Event "SUI-ch U14"]
[Site "Kreuzlingen"]
[Date "2016.07.01"]
[Round "3.8"]
[White "Pecorini, Angie"]
[Black "Urwyler, Nikash"]
[Result "1-0"]
[WhiteElo "1676"]
[BlackElo "1716"]
[PlyCount "79"]
[EventDate "2016.??.??"]

1. d4 Nf6 2. c4 e6 3. Nc3 Bb4 4. e3 b6 5. Nge2 Bb7 6. a3 Be7 7. Nf4 d5 8. cxd5
Nxd5 9. Nfxd5 exd5 10. Bd3 O-O 11. b3 Nd7 12. Bb2 Nf6 13. O-O c6 14. Qc2 Qc7
15. h3 h6 16. Rac1 Qd7 17. Ne2 Bd6 18. Bf5 Qe7 19. b4 Bc8 20. Bd3 Bb7 21. Rfe1
Rfe8 22. Nc3 Ne4 23. Nxe4 dxe4 24. Bc4 Rac8 25. Qc3 Bb8 26. Bb3 Qd7 27. Bd1 Qd6
28. g3 Qg6 29. Kg2 Kh8 30. Be2 f5 31. Qd2 Rf8 32. Kh2 Rfd8 33. Rc2 c5 {(=)} 34.
bxc5 bxc5 35. Rec1 cxd4 36. Rxc8 Bxc8 37. Bxd4 Qe8 38. Qb2 Bd6 39. Bxg7+ Kh7
40. Qf6 1-0

[Event "SUI-ch U14"]
[Site "Kreuzlingen"]
[Date "2016.07.01"]
[Round "4.1"]
[White "Kreutzmann, Duke"]
[Black "Williams, Johann"]
[Result "1-0"]
[WhiteElo "1979"]
[BlackElo "1856"]
[PlyCount "47"]
[EventDate "2016.??.??"]

1. d4 Nf6 2. Nf3 g6 3. Nbd2 d5 4. b4 Bg7 5. Bb2 b6 6. b5 Bb7 7. e3 c5 8. bxc6
Nxc6 9. c4 O-O 10. Be2 Rc8 11. O-O Re8 12. Rc1 Qd6 13. cxd5 Nxd5 14. Nc4 Qb8
15. Qb3 Rcd8 16. Rfd1 Ba6 17. Bf1 Bxc4 18. Qxc4 Na5 19. Qa4 Rc8 20. Ba6 Rxc1
21. Rxc1 Nc7 22. Rxc7 Qxc7 23. Qxe8+ Bf8 24. Ne5 1-0

[Event "SUI-ch U14"]
[Site "Kreuzlingen"]
[Date "2016.07.01"]
[Round "4.2"]
[White "Toth, Anatol"]
[Black "Tezayak, Matthias"]
[Result "0-1"]
[WhiteElo "1775"]
[BlackElo "1813"]
[PlyCount "76"]
[EventDate "2016.??.??"]

1. e4 e6 2. d4 d5 3. Nc3 Nf6 4. Bg5 Be7 5. e5 Nfd7 6. h4 h6 7. Be3 a6 8. Qg4
Bf8 9. Nh3 Nc6 10. a3 Ne7 11. Bd3 c5 12. Rb1 Nc6 13. b4 cxd4 14. Bxd4 Ndxe5 15.
Qg3 Nxd3+ 16. Qxd3 Qxh4 17. Bb6 Be7 18. Kd2 Ne5 19. Qd4 Bf6 20. Qxh4 Bxh4 21.
Bd4 Nc4+ 22. Kd3 Rg8 23. Rb3 b5 24. g3 Bd8 25. f4 Bb6 26. g4 f6 27. Bxb6 Nxb6
28. Kd4 Nc4 29. Nf2 Rf8 30. Nd3 e5+ 31. Kxd5 Bb7+ 32. Ke6 Bxh1 33. Nd5 Bxd5+
34. Kxd5 Ne3+ 35. Ke6 Nxc2 36. Rc3 Nd4+ 37. Kd6 Rd8+ 38. Kc7 Rf7+ 0-1

[Event "SUI-ch U14"]
[Site "Kreuzlingen"]
[Date "2016.07.01"]
[Round "4.3"]
[White "Gherghel Butan, Mircea"]
[Black "Fischer, Daniel"]
[Result "1/2-1/2"]
[WhiteElo "1880"]
[BlackElo "2043"]
[PlyCount "63"]
[EventDate "2016.??.??"]

1. d4 Nf6 2. c4 e6 3. Nc3 Bb4 4. e3 O-O 5. Bd3 b6 6. Nf3 Bb7 7. O-O d5 8. a3
Bd6 9. Re1 Nbd7 10. e4 dxe4 11. Nxe4 Nxe4 12. Bxe4 Bxe4 13. Rxe4 Nf6 14. Re1 h6
15. b3 Nd7 16. Bb2 Re8 17. Qc2 Bf8 18. Rad1 c6 19. Ne5 Nxe5 20. dxe5 Qc7 21.
Rd2 Rad8 22. Red1 Be7 23. g3 Rxd2 24. Rxd2 Rd8 25. Qd1 Rxd2 26. Qxd2 Qd8 27.
Qxd8+ Bxd8 28. Kg2 Kf8 29. Kf3 Ke7 30. Ke4 Kd7 31. f4 c5 32. g4 1/2-1/2

[Event "SUI-ch U14"]
[Site "Kreuzlingen"]
[Date "2016.07.01"]
[Round "4.4"]
[White "Chennaoui, Yasin"]
[Black "Pecorini, Angie"]
[Result "1-0"]
[WhiteElo "1843"]
[BlackElo "1676"]
[PlyCount "79"]
[EventDate "2016.??.??"]

1. d4 Nf6 2. Nf3 g6 3. e3 Bg7 4. Nbd2 O-O 5. Be2 d6 6. O-O Nbd7 7. b3 b6 8. Bb2
c5 9. c4 Bb7 10. Qc2 d5 11. Rac1 dxc4 12. Bxc4 Rc8 13. Qb1 e6 14. Rfd1 cxd4 15.
Nxd4 a6 16. N2f3 Qe7 17. a4 Rfd8 18. Qa1 Nc5 19. b4 Nce4 20. Qa2 Kh8 21. b5 a5
22. Ne5 Ne8 23. Nec6 Bxc6 24. Nxc6 Rxd1+ 25. Rxd1 Qh4 26. g3 Qg4 27. Be2 Qf5
28. f3 Qg5 29. Bxg7+ Kxg7 30. fxe4 Qxe3+ 31. Kg2 Qxe4+ 32. Bf3 Qf5 33. Rd2 Qg5
34. Qb2+ Nf6 35. h4 Qc5 36. Rf2 Re8 37. Ne5 Qb4 38. Qa1 h5 39. Nd7 e5 40. Nxf6
1-0

[Event "SUI-ch U14"]
[Site "Kreuzlingen"]
[Date "2016.07.01"]
[Round "4.5"]
[White "Angst, Oliver"]
[Black "Zaza, Alexandre"]
[Result "1-0"]
[WhiteElo "1812"]
[BlackElo "1891"]
[PlyCount "71"]
[EventDate "2016.??.??"]

1. e4 c5 2. Nc3 d6 3. f4 Nc6 4. Nf3 g6 5. Bc4 Bg7 6. d3 e6 7. O-O Nge7 8. Qe1
O-O 9. f5 gxf5 10. Qh4 fxe4 11. dxe4 Ng6 12. Qh5 Nce5 13. Nxe5 Nxe5 14. Be2 Ng6
15. Bg5 f6 16. Bh6 Qe7 17. Rad1 Bd7 18. Rd3 Bc6 19. Rh3 Bxh6 20. Qxh6 Qg7 21.
Qe3 b6 22. Rff3 Rae8 23. Nb5 d5 24. Rfg3 dxe4 25. Bh5 Bxb5 26. Bxg6 hxg6 27.
Rh6 Rd8 28. Rgxg6 Qxg6 29. Rxg6+ Kf7 30. Qh6 Ke8 31. Rg7 Rd1+ 32. Kf2 Rf1+ 33.
Kg3 a6 34. Qg6+ Kd8 35. Qxe4 Bd7 36. Qd3 1-0

[Event "SUI-ch U14"]
[Site "Kreuzlingen"]
[Date "2016.07.01"]
[Round "4.6"]
[White "Hurlimann, Max"]
[Black "Labelle, Ambroise"]
[Result "1-0"]
[WhiteElo "1727"]
[BlackElo "1726"]
[PlyCount "91"]
[EventDate "2016.??.??"]

1. e4 e6 2. d4 d5 3. Nc3 Nf6 4. e5 Nfd7 5. f4 c5 6. Nf3 Nc6 7. Be3 cxd4 8. Nxd4
Bc5 9. Qd2 O-O 10. O-O-O a6 11. Nb3 Bxe3 12. Qxe3 b5 13. Bd3 Nb6 14. Ne2 Nc4
15. Bxc4 bxc4 16. Nbd4 Bd7 17. Nxc6 Bxc6 18. Nd4 Qb6 19. Qf2 Ba4 20. Qg3 Rfb8
21. Qa3 Bd7 22. c3 h5 23. h3 h4 24. Rd2 Re8 25. Re1 Rac8 26. Nf3 Rc5 27. Kb1
Rb8 28. Nxh4 Qc6 29. Nf3 Qc7 30. Qxa6 Ra5 31. Qd6 Qa7 32. Ng5 Rxa2 33. Qxb8+
Qxb8 34. Kxa2 Qa8+ 35. Kb1 Ba4 36. b4 cxb3 37. Kb2 Qc6 38. Rd4 Bb5 39. Rb4 Qd7
40. Ra1 g6 41. Ra5 Bc4 42. Ra8+ Kg7 43. Rbb8 f6 44. Rg8+ Kh6 45. Rh8+ Kg7 46.
Rh7# 1-0

[Event "SUI-ch U14"]
[Site "Kreuzlingen"]
[Date "2016.07.01"]
[Round "4.7"]
[White "Deveci, Sinan"]
[Black "Barth, Can-Elian"]
[Result "0-1"]
[WhiteElo "1688"]
[BlackElo "1700"]
[PlyCount "85"]
[EventDate "2016.??.??"]

1. d4 d5 2. c4 c6 3. Nf3 e6 4. e3 Nf6 5. Nc3 Bd6 6. Bd3 dxc4 7. Bxc4 b5 8. Bd3
Nbd7 9. O-O O-O 10. e4 e5 11. dxe5 Nxe5 12. Nxe5 Bxe5 13. f4 Bd4+ 14. Kh1 Ng4
15. Qe1 Nf2+ 16. Rxf2 Bxf2 17. Qxf2 Qxd3 18. Be3 Rd8 19. h3 Bb7 20. Rd1 Qc4 21.
Rxd8+ Rxd8 22. Qh4 Re8 23. Qg4 Bc8 24. f5 b4 25. Bh6 Qd4 26. Ne2 Qxb2 27. Ng3
Kh8 28. Bg5 f6 29. Be3 Rd8 30. Nh5 g6 31. Nf4 Qe5 32. Qh4 Rd1+ 33. Kh2 g5 34.
Qh6 Rd8 35. h4 gxf4 36. Bxf4 Qe7 37. g4 Qg7 38. Qh5 Qg8 39. g5 Qxa2+ 40. Kh3
Ba6 41. Qh6 Bf1+ 42. Kg4 Qe2+ 43. Kg3 0-1

[Event "SUI-ch U14"]
[Site "Kreuzlingen"]
[Date "2016.07.01"]
[Round "4.8"]
[White "Urwyler, Nikash"]
[Black "Ramseyer, Nicola"]
[Result "1-0"]
[WhiteElo "1716"]
[BlackElo "1699"]
[PlyCount "79"]
[EventDate "2016.??.??"]

1. e4 c5 2. Nf3 e6 3. d4 cxd4 4. Nxd4 Nf6 5. Nc3 Bb4 6. Bd3 Nc6 7. Nxc6 dxc6 8.
O-O Qc7 9. Bg5 Qe5 10. Bd2 O-O 11. Kh1 Qc7 12. h3 e5 13. Qe1 Bd6 14. Rd1 b5 15.
Bxb5 Rb8 16. Bc4 Bd7 17. Bg5 Ne8 18. Qd2 h6 19. Be7 Bxe7 20. Qxd7 Qxd7 21. Rxd7
Bc5 22. Na4 Bb6 23. Nxb6 axb6 24. f4 Nf6 25. Rc7 Nxe4 26. Re1 Ng3+ 27. Kh2 exf4
28. Ree7 Nf5 29. Rxf7 Rxf7 30. Rxf7 Nd6 31. Rb7+ Nxc4 32. Rxb8+ Kf7 33. b3 Ne3
34. Rxb6 Nxc2 35. Rxc6 Nb4 36. Rc7+ Kf6 37. a4 g5 38. a5 Kf5 39. Rb7 Nc2 40. a6
1-0

[Event "SUI-ch U14"]
[Site "Kreuzlingen"]
[Date "2016.07.02"]
[Round "5.1"]
[White "Tezayak, Matthias"]
[Black "Chennaoui, Yasin"]
[Result "1-0"]
[WhiteElo "1813"]
[BlackElo "1843"]
[PlyCount "91"]
[EventDate "2016.??.??"]

1. e4 d6 2. d4 c6 3. Nc3 Nf6 4. Be3 b5 5. Bd3 g6 6. Qd2 Bg7 7. f3 Nbd7 8. h4 h5
9. Nh3 Nb6 10. b3 Bd7 11. Ng5 Nh7 12. Nxh7 Rxh7 13. Rd1 a6 14. Ne2 d5 15. e5
Qc8 16. Nf4 Bf5 17. e6 Bxe6 18. Nxg6 Bf5 19. Nf4 Bxd3 20. Qxd3 Rh8 21. Kf2 Qd7
22. Rde1 Bf6 23. g3 Kd8 24. Nh3 Kc7 25. Bf4+ Kb7 26. Be5 Bxe5 27. Rxe5 f6 28.
Re3 Rae8 29. Nf4 Nc8 30. Ne6 Ka7 31. Qc3 Rh7 32. a4 Qb7 {(=)} 33. axb5 cxb5 34.
Ra1 b4 35. Qc5+ Kb8 36. Ra4 a5 37. Qxa5 Nb6 38. Rxb4 Rc8 39. Rxb6 Rxc2+ 40. Re2
Rxe2+ 41. Kxe2 Kc8 42. Rxb7 Kxb7 43. Qc7+ Ka8 44. Nc5 e5 45. Qxh7 exd4 46. Qb7#
1-0

[Event "SUI-ch U14"]
[Site "Kreuzlingen"]
[Date "2016.07.02"]
[Round "5.2"]
[White "Fischer, Daniel"]
[Black "Kreutzmann, Duke"]
[Result "1-0"]
[WhiteElo "2043"]
[BlackElo "1979"]
[PlyCount "139"]
[EventDate "2016.??.??"]

1. e4 e6 2. d4 d5 3. Nd2 c5 4. Ngf3 Nc6 5. c3 cxd4 6. cxd4 Nf6 7. e5 Nd7 8. Bd3
f6 9. exf6 Nxf6 10. O-O Bd6 11. Nb3 O-O 12. Bg5 a5 13. a3 Qe8 14. Re1 a4 15.
Nc5 Bxc5 16. dxc5 Qh5 17. Qd2 e5 18. Be2 e4 19. Ne5 Qe8 20. Bxf6 gxf6 21. Ng4
Be6 22. Qf4 Qg6 23. f3 Bxg4 24. fxg4 Qg5 25. Qxg5+ fxg5 26. Rad1 Rad8 27. Bb5
Ne5 28. h3 Kg7 29. Bxa4 Nd3 30. Re2 Nxc5 31. Bc2 Rfe8 32. b4 Ne6 33. g3 b5 34.
a4 Nc7 35. a5 Na6 36. Rd4 Rc8 37. Rxd5 Nxb4 38. Rxg5+ Kf6 39. Rf5+ Kg7 40. Bxe4
Nc6 41. Rxb5 Nd4 42. Rb7+ Kh8 43. Re3 Nc2 44. Re2 Nd4 {(=)} 45. Re3 Nc2 46. Bf5
Nxe3 47. Bxc8 Rxc8 48. a6 Rf8 49. h4 Rf1+ 50. Kh2 Nxg4+ 51. Kh3 Ne3 52. g4 Rf3+
53. Kh2 Nxg4+ 54. Kg2 Ra3 55. a7 h5 56. Rb8+ Kg7 57. a8=Q Rxa8 58. Rxa8 Kg6 59.
Ra5 Ne3+ 60. Kf3 Nf5 61. Ra6+ Kg7 62. Ra4 Kg6 63. Rf4 Nh6 64. Ke4 Ng4 65. Rf5
Nf6+ 66. Ke5 Ne8 67. Rg5+ Kh6 68. Ke6 Nc7+ 69. Kf7 Na6 70. Rg6+ 1-0

[Event "SUI-ch U14"]
[Site "Kreuzlingen"]
[Date "2016.07.01"]
[Round "5.3"]
[White "Toth, Anatol"]
[Black "Gherghel Butan, Mircea"]
[Result "0-1"]
[WhiteElo "1775"]
[BlackElo "1880"]
[PlyCount "110"]
[EventDate "2016.??.??"]

1. e4 c6 2. d4 d5 3. Nc3 dxe4 4. Nxe4 Bf5 5. Ng3 Bg6 6. Nh3 e6 7. Nf4 Bd6 8.
Bc4 Nf6 9. c3 Qc7 10. Qf3 Nd5 11. Nxg6 hxg6 12. Ne4 Be7 13. h3 Nd7 14. Bd2 N7f6
15. Ng5 Bd6 16. g3 O-O-O 17. h4 Rhf8 18. O-O-O Kb8 19. Rhe1 Rfe8 20. Kb1 Re7
21. Bb3 c5 22. c4 Nb6 23. Bc3 Nbd7 24. Re2 cxd4 25. Bxd4 Bc5 26. Bxc5 Qxc5 27.
Red2 Qf5+ 28. Qxf5 gxf5 29. f4 Kc7 30. Bc2 Nc5 31. Rd4 e5 32. fxe5 Rxe5 33. b4
Ne6 34. Nxe6+ fxe6 35. Kb2 {(=)} Re3 36. R4d3 Rexd3 37. Rxd3 Re8 38. Ba4 Re7
39. Re3 e5 40. Bd1 g6 41. Bf3 e4 42. Be2 Kd6 43. Kc3 Ke5 44. Bf3 f4 45. Re1
fxg3 46. Bg2 Rd7 47. Re3 Kf4 48. Re1 Rd3+ 49. Kc2 Re3 50. Rf1+ Rf3 51. Bxf3
exf3 52. Kd1 g2 53. Ke1 gxf1=Q+ 54. Kxf1 Kg4 55. c5 Nd5 0-1

[Event "SUI-ch U14"]
[Site "Kreuzlingen"]
[Date "2016.07.01"]
[Round "5.4"]
[White "Williams, Johann"]
[Black "Hurlimann, Max"]
[Result "1-0"]
[WhiteElo "1856"]
[BlackElo "1727"]
[PlyCount "35"]
[EventDate "2016.??.??"]

1. e4 c5 2. Nc3 Nc6 3. f4 g6 4. Nf3 Bg7 5. Bc4 d6 6. d3 e6 7. O-O Nge7 8. Qe1
O-O 9. f5 exf5 10. Qh4 Ne5 11. Bg5 N5c6 12. Nd5 Re8 13. Nf6+ Bxf6 14. Bxf6 h5
15. Qg5 Kh7 16. Bxf7 Rf8 17. Bxg6+ Kg8 18. Be8+ 1-0

[Event "SUI-ch U14"]
[Site "Kreuzlingen"]
[Date "2016.07.02"]
[Round "5.5"]
[White "Barth, Can-Elian"]
[Black "Angst, Oliver"]
[Result "1/2-1/2"]
[WhiteElo "1700"]
[BlackElo "1812"]
[PlyCount "88"]
[EventDate "2016.??.??"]

1. d4 d5 2. c4 c6 3. cxd5 cxd5 4. Nf3 Nf6 5. Nc3 Nc6 6. Bf4 a6 7. a3 Bf5 8. e3
e6 9. Qb3 Ra7 10. Rc1 Bd6 11. Bxd6 Qxd6 12. Ne5 O-O 13. Qb6 Nd7 14. Nxd7 Qxd7
15. Na4 Rfa8 16. Nc5 Qd8 17. Na4 Qd7 18. Be2 h6 19. O-O g5 20. Nc5 Qd8 21.
Qxd8+ Nxd8 22. Nd7 b5 23. Nc5 g4 24. Rc3 h5 25. Rfc1 f6 26. Nb3 e5 27. Rc5 Be6
28. dxe5 fxe5 29. e4 dxe4 30. Nd2 Nf7 31. Nxe4 Kg7 {(=)} 32. Rc7 Kf8 33. Nf6
Rxc7 34. Rxc7 Rd8 35. Rc2 Bf5 36. Rc1 Rd2 37. Re1 Rxb2 38. Nxh5 Ra2 39. Nf6 Nh6
40. f3 gxf3 41. Bxf3 e4 42. Bxe4 Bxe4 43. Nxe4 Rxa3 44. Nc5 a5 1/2-1/2

[Event "SUI-ch U14"]
[Site "Kreuzlingen"]
[Date "2016.07.01"]
[Round "5.6"]
[White "Zaza, Alexandre"]
[Black "Pecorini, Angie"]
[Result "1/2-1/2"]
[WhiteElo "1891"]
[BlackElo "1676"]
[PlyCount "51"]
[EventDate "2016.??.??"]

1. e4 c5 2. Nf3 Nc6 3. Nc3 d6 4. d4 cxd4 5. Nxd4 Nf6 6. g3 e5 7. Nde2 Be7 8.
Bg2 O-O 9. O-O Be6 10. Nd5 Rc8 11. Nec3 Nd4 12. Ne3 Qd7 13. Re1 Rfd8 14. Ncd5
Nxd5 15. exd5 Bh3 16. Bh1 f5 17. c3 Nb5 18. Qe2 Rf8 19. Qh5 f4 20. Be4 h6 21.
Qg6 fxe3 22. Qh7+ Kf7 23. Qg6+ Kg8 24. Qh7+ Kf7 25. Qg6+ Kg8 26. Qh7+ 1/2-1/2

[Event "SUI-ch U14"]
[Site "Kreuzlingen"]
[Date "2016.07.02"]
[Round "5.7"]
[White "Labelle, Ambroise"]
[Black "Urwyler, Nikash"]
[Result "1-0"]
[WhiteElo "1726"]
[BlackElo "1716"]
[PlyCount "127"]
[EventDate "2016.??.??"]

1. e4 e5 2. Bc4 Nf6 3. d3 Nc6 4. Nc3 Bb4 5. Bg5 h6 6. Bxf6 Bxc3+ 7. bxc3 Qxf6
8. Ne2 Na5 9. Bb3 Nxb3 10. axb3 O-O 11. O-O d6 12. d4 Rd8 13. Qd3 b6 14. Qc4
Qe7 15. Qc6 Bg4 16. f3 Bh5 17. d5 f6 18. Ra2 Be8 19. Qc4 a5 20. Qd3 Qd7 21.
Rfa1 Ra7 22. c4 Rda8 23. b4 Qc8 24. bxa5 Rxa5 25. Rxa5 bxa5 26. Rb1 Rb8 27. Nc3
Rxb1+ 28. Nxb1 Qb7 29. Qb3 Qb6+ 30. Qxb6 cxb6 31. Nc3 Kf7 32. Kf2 Ke7 33. Ke3
Kd8 34. g4 Kc8 35. h4 g5 36. hxg5 fxg5 37. Kd2 Kd8 38. Nd1 Ke7 39. Ne3 Bd7 40.
Kc3 Kf6 41. Kb3 Kf7 42. Nf5 Bxf5 43. exf5 Kf6 44. Ka4 h5 45. gxh5 e4 46. fxe4
g4 47. e5+ Kxe5 48. h6 Kf6 49. Kb5 g3 50. Kc6 g2 51. h7 Kg7 52. Kxd6 g1=Q 53.
Kd7 Kxh7 54. d6 Kg7 55. Kd8 Qg5+ 56. Kc7 Qxf5 57. Kxb6 Qxc2 58. c5 Kf7 59. c6
Ke8 60. Kc7 Qxc6+ 61. Kxc6 a4 62. Kc7 Kf7 63. d7 a3 64. d8=Q 1-0

[Event "SUI-ch U14"]
[Site "Kreuzlingen"]
[Date "2016.07.01"]
[Round "5.8"]
[White "Ramseyer, Nicola"]
[Black "Deveci, Sinan"]
[Result "1/2-1/2"]
[WhiteElo "1699"]
[BlackElo "1688"]
[PlyCount "61"]
[EventDate "2016.??.??"]

1. c4 e6 2. Nf3 d5 3. cxd5 exd5 4. d4 Nf6 5. Nc3 Be7 6. Bf4 c6 7. e3 Bf5 8. Bd3
Bxd3 9. Qxd3 Nbd7 10. O-O O-O 11. Rfe1 Re8 12. Re2 Nf8 13. Rae1 Ng6 14. Bg3 Ne4
15. Nd2 Nxg3 16. fxg3 Bf6 17. Nb3 a5 18. Nd2 Nf8 19. Nf3 Be7 20. e4 dxe4 21.
Rxe4 Ne6 22. Qe3 Bf6 23. Ne2 Nc7 24. Nf4 Rxe4 25. Qxe4 Qe8 26. Nh5 Qxe4 27.
Nxf6+ gxf6 28. Rxe4 Re8 29. Rxe8+ Nxe8 30. Kf2 Kf8 31. Ke3 1/2-1/2

[Event "SUI-ch U14"]
[Site "Kreuzlingen"]
[Date "2016.07.02"]
[Round "6.1"]
[White "Fischer, Daniel"]
[Black "Tezayak, Matthias"]
[Result "1-0"]
[WhiteElo "2043"]
[BlackElo "1813"]
[PlyCount "69"]
[EventDate "2016.??.??"]

1. e4 e6 2. d4 d5 3. Nd2 Nc6 4. Ngf3 Nf6 5. e5 Nd7 6. Bd3 f6 7. Ng5 Ndxe5 8.
dxe5 fxg5 9. Qh5+ Kd7 10. Nf3 h6 11. O-O Be7 12. Be3 Nb4 13. Bb5+ c6 14. Ba4
Kc7 15. a3 Na6 16. b4 Nb8 17. Nd4 a6 18. Qg6 Qg8 19. f4 g4 20. Qxg4 g6 21. Bb3
b5 22. c3 Kb7 23. Bc2 Rh7 24. f5 exf5 25. Bxf5 Bxf5 26. Nxf5 Bf8 27. Nd4 Nd7
28. e6 Ne5 29. Qg3 Nc4 30. Rf6 Bd6 31. Bf4 Bxf4 32. Qxf4 h5 33. Rf7+ Rxf7 34.
exf7 Qc8 35. Rf1 1-0

[Event "SUI-ch U14"]
[Site "Kreuzlingen"]
[Date "2016.07.02"]
[Round "6.2"]
[White "Gherghel Butan, Mircea"]
[Black "Williams, Johann"]
[Result "1-0"]
[WhiteElo "1880"]
[BlackElo "1856"]
[PlyCount "85"]
[EventDate "2016.??.??"]

1. d4 Nf6 2. Nf3 g6 3. c4 Bg7 4. Nc3 d5 5. cxd5 Nxd5 6. e4 Nxc3 7. bxc3 c5 8.
Bb5+ Bd7 9. Bxd7+ Qxd7 10. O-O O-O 11. Be3 Na6 12. Qb3 Rac8 13. Rab1 b6 14. d5
c4 15. Qc2 Nc5 16. Bxc5 Rxc5 17. Rfd1 Rfc8 18. Nd4 Bxd4 19. Rxd4 b5 20. a3 a5
21. Rdd1 Rd8 22. Qe2 f6 23. Qe3 Qc7 24. Qg3 Rd6 25. Qe3 Rd8 26. g3 Kg7 27. Kg2
Rd7 28. Qf4 Qd8 29. Qe3 Qc7 30. h4 h6 31. h5 g5 32. f4 gxf4 33. gxf4 Kh7 34.
Qg3 Kh8 35. Kf3 e5 36. Qg6 exf4 37. Qxh6+ Kg8 38. Rg1+ Rg7 39. Qxf6 Kh7 40.
Rxg7+ Qxg7 41. Qxg7+ Kxg7 42. Kxf4 Kh6 43. Ke5 1-0

[Event "SUI-ch U14"]
[Site "Kreuzlingen"]
[Date "2016.07.02"]
[Round "6.3"]
[White "Kreutzmann, Duke"]
[Black "Angst, Oliver"]
[Result "1/2-1/2"]
[WhiteElo "1979"]
[BlackElo "1812"]
[PlyCount "62"]
[EventDate "2016.??.??"]

1. d4 d5 2. Nf3 c6 3. c4 Nf6 4. cxd5 cxd5 5. Nc3 Nc6 6. Bf4 a6 7. Rc1 Bf5 8. e3
e6 9. Qb3 Qd7 10. Ne5 Nxe5 11. Bxe5 Rc8 12. Be2 Be7 13. O-O O-O 14. Na4 Rxc1
15. Rxc1 Rc8 16. Rxc8+ Qxc8 17. Bxf6 gxf6 18. Nc3 Qc7 19. h4 h6 20. a3 Bg6 21.
Qa4 Kg7 22. Qd1 f5 23. h5 Bh7 24. Bd3 Kh8 25. Qc2 Bg8 26. Qb3 Bg5 27. f4 Bd8
28. Qa4 Qe7 29. Qc2 Qh4 30. Qe2 Qf6 31. Na4 Qe7 1/2-1/2

[Event "SUI-ch U14"]
[Site "Kreuzlingen"]
[Date "2016.07.02"]
[Round "6.4"]
[White "Chennaoui, Yasin"]
[Black "Toth, Anatol"]
[Result "1/2-1/2"]
[WhiteElo "1843"]
[BlackElo "1775"]
[PlyCount "232"]
[EventDate "2016.??.??"]

1. d4 Nf6 2. Nf3 e6 3. Bg5 h6 4. Bh4 d6 5. Nbd2 g5 6. Bg3 Nh5 7. e4 b6 8. Bd3
Bb7 9. c4 Nd7 10. Qc2 Bg7 11. d5 Nc5 12. Rb1 a5 13. Nb3 Nxd3+ 14. Qxd3 exd5 15.
exd5 Qe7+ 16. Kf1 Kf8 17. Nbd4 Bf6 18. Nf5 Qd7 19. N3d4 Re8 20. Re1 Rxe1+ 21.
Kxe1 Bc8 22. Kd2 Ng7 23. Nxg7 Kxg7 24. Re1 Re8 25. Nf5+ Kh8 26. Rxe8+ Qxe8 27.
b3 Bxf5 28. Qxf5 Kg7 29. f3 a4 30. b4 Qd8 31. Qe4 a3 32. Bf2 Qd7 33. Bd4 Qa4
34. Bxf6+ Kxf6 35. Qd4+ Kg6 36. Kc3 f5 37. g3 Qe8 38. Kd2 Qa4 39. Kc3 Qe8 40.
Kd2 Qa4 41. Kc3 Qe8 42. Kd2 Qa4 43. Qc3 Kf7 44. b5 Kg6 45. h3 h5 46. f4 gxf4
47. gxf4 h4 48. Kc1 Kh7 49. Qc2 Qxc2+ 50. Kxc2 Kg8 51. Kb3 Kf8 52. Kxa3 Ke8 53.
Kb4 Kd8 54. a4 Kc8 55. a5 Kb7 56. Ka4 Ka7 57. Kb4 Kb7 58. Ka4 Ka7 59. Kb4 Kb7
60. a6+ Ka7 61. Kc3 Kb8 62. Kd4 Ka7 63. Kc3 Kb8 64. Kb4 Ka7 65. Kc3 Kb8 66. c5
bxc5 67. Kc4 Ka7 68. Kb3 Kb8 69. Ka4 Ka8 70. Ka5 Ka7 71. Ka4 Ka8 72. Kb3 Ka7
73. Ka3 Ka8 74. Ka4 Kb8 75. Ka5 Ka7 76. Ka4 Ka8 77. Ka5 Ka7 78. Ka4 Ka8 79. Kb3
Ka7 80. Kc3 Ka8 81. Kc4 Kb8 82. Kd3 Ka7 83. Ke3 Kb6 84. Kd3 Ka7 85. Kc4 Kb8 86.
Kb3 Ka7 87. Ka3 Kb8 88. Ka4 Ka8 89. Ka5 Ka7 90. Ka4 Ka8 91. Ka3 Ka7 92. Kb3 Kb8
93. Kc3 Ka7 94. Kc4 Kb8 95. Kd3 Ka7 96. Kc2 Kb8 97. Kb2 Ka8 98. Ka2 Ka7 99. Ka1
Kb6 100. Kb1 Ka7 101. Kc1 Kb6 102. Kd1 Ka7 103. Kc2 Kb8 104. Kc3 Ka7 105. Kb3
Kb8 106. Ka4 Ka8 107. Ka5 Ka7 108. Ka4 Ka8 109. Kb3 Ka7 110. Kc2 Kb8 111. Kd1
Ka7 112. Ke2 Kb6 113. Kd3 Ka7 114. Kc4 Kb8 115. Kb3 Ka7 116. Kc4 Kb6 1/2-1/2

[Event "SUI-ch U14"]
[Site "Kreuzlingen"]
[Date "2016.07.02"]
[Round "6.6"]
[White "Urwyler, Nikash"]
[Black "Zaza, Alexandre"]
[Result "1-0"]
[WhiteElo "1716"]
[BlackElo "1891"]
[PlyCount "69"]
[EventDate "2016.??.??"]

1. e4 c5 2. Nf3 d6 3. d4 cxd4 4. Nxd4 Nf6 5. Nc3 g6 6. Be3 Bg7 7. f3 O-O 8. Qd2
Nc6 9. O-O-O d5 10. exd5 Nxd5 11. Nxc6 bxc6 12. Bd4 Bxd4 13. Qxd4 Qb6 14. Na4
Qc7 15. Nc5 Bf5 16. g4 Be6 17. Nxe6 fxe6 18. Qe4 Qf4+ 19. Qxf4 Rxf4 20. Be2 Rb8
21. Rhe1 Rfb4 22. b3 a5 23. Bc4 Kf7 24. Re5 Nc3 25. Rd4 R4b6 26. Rxe6 Kf8 27.
a4 c5 28. Rxb6 Rxb6 29. Rd8+ Kg7 30. g5 h5 31. Rg8+ Kh7 32. Ra8 Na2+ 33. Kb2
Nb4 34. Rxa5 Rc6 35. c3 1-0

[Event "SUI-ch U14"]
[Site "Kreuzlingen"]
[Date "2016.07.02"]
[Round "6.7"]
[White "Ramseyer, Nicola"]
[Black "Labelle, Ambroise"]
[Result "0-1"]
[WhiteElo "1699"]
[BlackElo "1726"]
[PlyCount "55"]
[EventDate "2016.??.??"]

1. c4 e5 2. Nc3 f5 3. e3 Nf6 4. a3 d6 5. Nf3 g6 6. Be2 Bg7 7. O-O O-O 8. d3 a5
9. Bd2 Nc6 10. Qc2 Qe7 11. Nd5 Qd8 12. b4 axb4 13. Nxb4 Nd7 14. Ra2 Nc5 15.
Nxc6 bxc6 16. d4 Ne4 17. dxe5 dxe5 18. Rd1 Qe7 19. Qb3 c5 20. Be1 Bd7 21. Nd2
Ba4 22. Qb1 Bxd1 23. Bxd1 Nc3 24. Qc2 Nxa2 25. Qxa2 Rfd8 26. Be2 Ra7 27. Nb1
Qd7 28. Bc3 0-1

[Event "SUI-ch U14"]
[Site "Kreuzlingen"]
[Date "2016.07.02"]
[Round "6.8"]
[White "Pecorini, Angie"]
[Black "Deveci, Sinan"]
[Result "1-0"]
[WhiteElo "1676"]
[BlackElo "1688"]
[PlyCount "81"]
[EventDate "2016.??.??"]

1. d4 d5 2. c4 e6 3. Nc3 Be7 4. Nf3 Nf6 5. cxd5 exd5 6. e3 c6 7. Bd3 O-O 8. O-O
Nbd7 9. a3 a5 10. b3 Re8 11. Bb2 Bd6 12. Qc2 Nf8 13. e4 dxe4 14. Nxe4 Nxe4 15.
Bxe4 Bg4 16. h3 Bh5 17. Rfe1 Bg6 18. Bxg6 Nxg6 19. Rxe8+ Qxe8 20. Re1 Qd7 21.
Qe2 Qe7 22. Qc4 Qf8 23. a4 Nf4 24. Re3 Nd5 25. Re1 Ra6 26. Ne5 Qd8 27. Ng4 Rb6
28. Ne3 Rb4 29. Qc2 Nxe3 30. fxe3 Bg3 31. Rf1 Qg5 32. Rf3 Bh4 33. Ba3 Rb6 34.
Bc5 Ra6 35. Qe4 Qd8 36. Qf5 Qe8 37. e4 Be7 38. Bxe7 Qxe7 39. Qc8+ Qf8 40. Qxb7
Ra8 41. Rxf7 1-0

[Event "SUI-ch U14"]
[Site "Kreuzlingen"]
[Date "2016.07.03"]
[Round "7.1"]
[White "Williams, Johann"]
[Black "Fischer, Daniel"]
[Result "1/2-1/2"]
[WhiteElo "1856"]
[BlackElo "2043"]
[PlyCount "114"]
[EventDate "2016.??.??"]

1. e4 e5 2. Nf3 Nc6 3. Bb5 a6 4. Ba4 Nf6 5. O-O b5 6. Bb3 Bc5 7. c3 d6 8. d4
Bb6 9. Be3 O-O 10. Nbd2 Bg4 11. h3 Bh5 12. Bg5 Rb8 13. g4 Bg6 14. dxe5 Nxe5 15.
Nxe5 dxe5 16. Qe2 Qd6 17. Rfd1 Qc6 18. Re1 Rbd8 19. Nf3 Nxe4 20. Bxd8 Bxf2+ 21.
Kg2 Bxe1 22. Rd1 Nd2 23. Bg5 Nxf3 24. Bd5 Qc5 25. Qxf3 e4 26. Qe2 c6 27. Be3
Qe7 28. Bxc6 Bh4 29. Bf4 Qf6 30. Bd6 Rd8 31. Bg3 Bxg3 32. Kxg3 Rxd1 33. Qxd1 h6
34. Bd5 Qe5+ 35. Kg2 e3 36. Bf3 Kh7 37. Qe2 f5 38. gxf5 Bxf5 39. Qd1 Qe6 40.
Qd5 Bxh3+ 41. Kg1 Qxd5 42. Bxd5 Kg6 43. b4 Bc8 44. Kg2 Kf5 45. Kf3 e2 46. Kxe2
Kf4 47. Kf2 g5 48. c4 bxc4 49. Bxc4 g4 50. a4 g3+ 51. Kg1 Bb7 52. b5 axb5 53.
Bxb5 Ke3 54. a5 Kd4 55. a6 Be4 56. Bf1 Kc5 57. Bg2 Bxg2 1/2-1/2